Clash Royale Card Member Numbers - Common - Statistics

General Stats
  • This quiz has been taken 179 times
  • The average score is 15 of 22
Answer Stats
Hint Answer % Correct
Ice Spirit 1
84%
Electro Spirit 1
81%
Minions 3
80%
Archers 2
79%
Firecracker 1
78%
Barbarians 5
78%
Fire Spirit 1
77%
Spear Goblins 3
76%
Knight 1
75%
Royal Giant 1
74%
Elite Barbarians 2
74%
Rascals 3
73%
Bomber 1
72%
Skeleton Dragons 2
72%
Skeletons 3
70%
Royal Delivery 1
68%
Goblins 4
63%
Goblin Gang 6
61%
Bats 5
60%
Minion Horde 6
50%
Skeleton Barrel 7
38%
Royal Recruits 6
34%
No matching quizzes found
Score Distribution
Percent of People with Each Score
Percentile by Number Answered
Your Score History
You have not taken this quiz